[Event "Challenge"]
[Site "http://www.queenalice.com/game.php?id=1284474"]
[Date "2014.5.27"]
[Round "-"]
[White "mickeymouse"]
[Black "orlando"]
[Result "1-0"]
[WhiteElo "1366"]
[BlackElo "1660"]

1. e4 g6 2. Nf3 b6 3. Nc3 Bg7 4. d4 Bb7 5. Bg5 Nc6 6. d5 Ne5 7. Be2 Nf6 8. Nxe5
O-O 9. f4 e6 10. Bb5 c6 11. dxc6 dxc6 12. Bxc6 Qxd1+ 13. Rxd1 Bxc6 14. Nxc6 a5
15. e5 Ng4 16. h3 Ne3 17. f5 Nxf5 18. g4 Rac8 19. Ne7+ Nxe7 20. Bxe7 Rfe8 21.
Bf6 Rc4 22. Rd3 Bxf6 23. exf6 a4 24. b3 axb3 25. cxb3 Rc5 26. a4 Rec8 27. Ne2
Re5 28. Kd2 Rec5 29. h4 Rc2+ 30. Kd1 h5 31. g5 Rb2 32. Rh2 Rcc2 33. Rg2 Rxe2 34.
Rxe2 Rxe2 35. Kxe2 Kh7 36. Rd4 Kg8 37. Rd7 Kh7 38. Rxf7+ Kg8 39. Ra7 Kf8 40. b4
Kg8 41. a5 Kf8 42. axb6 Kg8 43. b7 Kf7 44. b8=Q# 1-0

[Event "Challenge"]
[Site "http://www.queenalice.com/game.php?id=1284516"]
[Date "2014.5.27"]
[Round "-"]
[White "mickeymouse"]
[Black "Oliv"]
[Result "0-1"]
[WhiteElo "1368"]
[BlackElo "1447"]

1. e4 e5 2. Nf3 d6 3. d4 Nf6 4. dxe5 Nxe4 5. Bb5+ c6 6. Ba4 Be6 7. Nc3 Qa5 8.
Qd4 Nxc3 9. bxc3 b5 10. Bb3 c5 11. Qd2 c4 12. Bb2 cxb3 13. axb3 Qb6 14. Ba3 Be7
15. exd6 Bf6 16. Nd4 O-O 17. Qd3 Bd7 18. O-O-O Bc6 19. f3 Bxd4 20. cxd4 Re8 21.
Rhf1 b4 22. d5 Bb5 23. Qd4 bxa3 24. c4 Ba6 25. Kc2 Qxd6 26. Ra1 Nd7 27. f4 Re2+
28. Kc3 Qc5 0-1

[Event "Challenge"]
[Site "http://www.queenalice.com/game.php?id=1285050"]
[Date "2014.5.30"]
[Round "-"]
[White "mickeymouse"]
[Black "antoniozla"]
[Result "1-0"]
[WhiteElo "1350"]
[BlackElo "1502"]

1. e4 e5 2. Nf3 Nc6 3. Bb5 d6 4. d4 a6 5. Bxc6+ bxc6 6. dxe5 dxe5 7. Qxd8+ Kxd8
8. Nxe5 Be6 9. Nxc6+ Kc8 10. O-O Nf6 11. e5 Nd5 12. Be3 Bd7 13. Nd4 Bc5 14. c3
Rb8 15. b3 Re8 16. c4 Bxd4 17. Bxd4 Nb4 18. Na3 c5 19. Bxc5 Rxe5 20. Bd6 Re2 21.
Bxb8 Kxb8 22. Rfd1 Bf5 23. c5 Kc7 24. Nc4 Nxa2 25. Nb6 Nc3 26. Nd5+ Nxd5 27.
Rxd5 Bc2 28. g4 Bxb3 29. Rd6 Be6 30. h3 Rc2 31. Ra5 Rc3 32. Kh2 g6 33. Rdxa6 Rc2
34. Ra7+ Kc6 35. R7a6+ Kd5 36. c6+ Kd6 37. g5 Rxc6 38. Rxc6+ Kxc6 39. h4 Bd5 40.
f4 Kd6 41. Kg3 Be6 42. Kf3 Bd5+ 43. Ke3 Ke6 44. Kd4 Bf3 45. Ra6+ Kf5 46. Ke3 Bd5
47. Kf2 Kg4 48. Rd6 Be6 49. Ke3 Kxh4 50. Rd8 Kg4 51. Rh8 Kf5 52. Rxh7 Kg4 53.
Rh8 Kf5 54. Re8 Bd5 55. Re5+ 1-0

[Event "OS INCLIVEIS"]
[Site "http://www.queenalice.com/game.php?id=1287480"]
[Date "2014.6.11"]
[Round "-"]
[White "adelio"]
[Black "mickeymouse"]
[Result "1-0"]
[WhiteElo "1843"]
[BlackElo "1352"]

1. d4 Nf6 2. c4 e6 3. a3 Be7 4. Nc3 O-O 5. e4 d5 6. e5 Ne4 7. Nxe4 dxe4 8. Be2
Nc6 9. Be3 f6 10. h4 fxe5 11. d5 1-0

[Event "Challenge"]
[Site "http://www.queenalice.com/game.php?id=1293290"]
[Date "2014.7.8"]
[Round "-"]
[White "enzoferrari"]
[Black "mickeymouse"]
[Result "1-0"]
[WhiteElo "2012"]
[BlackElo "1370"]

1. e4 Nc6 2. Nf3 e5 3. Bb5 Nf6 4. Nc3 Bb4 5. O-O O-O 6. d4 Bxc3 7. bxc3 d5 8.
Bxc6 bxc6 9. Bg5 Bg4 10. dxe5 Bxf3 11. gxf3 dxe4 12. exf6 gxf6 13. Bh4 exf3 14.
Qxf3 Qd6 15. Bxf6 Rfe8 16. Qg4+ Kf8 17. Qg7# 1-0

[Event "Challenge"]
[Site "http://www.queenalice.com/game.php?id=1299311"]
[Date "2014.8.4"]
[Round "-"]
[White "mickeymouse"]
[Black "enzoferrari"]
[Result "0-1"]
[WhiteElo "1368"]
[BlackElo "2035"]

1. e4 e5 2. Nc3 Nf6 3. Nf3 d6 4. d4 Bg4 5. d5 Be7 6. Be2 O-O 7. Bg5 Nbd7 8. h3
Bh5 9. Nh4 Bxe2 10. Qxe2 h6 11. Be3 a6 12. Nf5 Re8 13. Qf3 Bf8 14. Qg3 Kh7 15.
a4 g6 16. Nh4 c6 17. Bd2 cxd5 18. exd5 e4 19. O-O Nh5 20. Qg4 Ndf6 21. Qe2 Re5
22. Qc4 Ng8 23. Nxe4 Qxh4 24. Nxd6 Qxc4 25. Nxc4 Re2 26. Rae1 Rxe1 27. Rxe1 Rd8
28. Ne5 Rxd5 29. Bc3 f6 30. Nf7 Kg7 31. Ne5 fxe5 32. Bxe5+ Nhf6 33. Bc3 g5 34.
g4 Kg6 35. Re6 Kf7 36. Rb6 Rd7 37. f3 Nd5 38. Rb3 Nxc3 39. Rxc3 Nf6 40. b4 Bxb4
41. Rc4 Nd5 42. Kf2 Rc7 43. Rd4 Rxc2+ 44. Kg1 Rd2 45. Re4 b5 46. f4 gxf4 47. a5
f3 48. Re5 f2+ 49. Kg2 Nf4+ 50. Kf3 f1=Q+ 51. Kg3 Rg2+ 52. Kh4 Qf2# 0-1

[Event "Challenge"]
[Site "http://www.queenalice.com/game.php?id=1346201"]
[Date "2015.3.8"]
[Round "-"]
[White "glaubergouveia"]
[Black "mickeymouse"]
[Result "1-0"]
[WhiteElo "1416"]
[BlackElo "1394"]

1. e4 e5 2. Nf3 Nc6 3. Bb5 Nf6 4. Nc3 Bb4 5. Qe2 d6 6. Qc4 Bd7 7. Bxc6 Bxc3 8.
Ng5 Qe7 9. Bxb7 Rb8 10. Qxc7 Qd8 11. Qc4 Be6 12. Bc6+ Kf8 13. Qxc3 Qb6 14. Nxe6+
fxe6 15. d3 Rc8 16. Qc4 Rxc6 17. Qxe6 Ng4 18. Qf5+ Nf6 19. Bg5 Ke7 20. c4 Qb4+
21. Ke2 Qxb2+ 22. Ke3 h6 23. Rab1 Qd4+ 24. Ke2 hxg5 25. Rb7+ Kd8 26. Rxg7 d5 27.
Rb1 Rb6 28. Rxa7 dxe4 29. Ra8+ Ke7 30. Ra7+ Kf8 31. Qxf6+ Kg8 32. Qxg5+ Kf8 33.
Qg7+ Ke8 34. Qe7# 1-0

[Event "Challenge"]
[Site "http://www.queenalice.com/game.php?id=1349502"]
[Date "2015.3.24"]
[Round "-"]
[White "orlando"]
[Black "mickeymouse"]
[Result "0-1"]
[WhiteElo "1632"]
[BlackElo "1394"]

1. g3 e5 2. Bg2 d5 3. e3 Nf6 4. Nf3 e4 5. Nd4 c5 6. Ne2 Nc6 7. b3 Bg4 8. O-O d4
9. Bb2 d3 10. cxd3 exd3 11. Bxc6+ bxc6 12. Nbc3 g6 13. Re1 Bg7 14. Rc1 Ne4 15.
Nxe4 dxe2 16. Rxe2 Bxb2 17. Rxc5 Qd3 18. Re5+ Bxe5 0-1

[Event "Challenge"]
[Site "http://www.queenalice.com/game.php?id=1350366"]
[Date "2015.3.28"]
[Round "-"]
[White "mickeymouse"]
[Black "Taiur"]
[Result "0-1"]
[WhiteElo "1420"]
[BlackElo "1639"]

1. e4 c5 2. Nc3 Nc6 3. Nf3 e6 4. Bb5 Nge7 5. d3 a6 6. Bg5 axb5 7. Nxb5 d6 8. d4
Qa5+ 9. Nc3 cxd4 10. Nxd4 Qxg5 11. Ndb5 Ng6 12. Nc7+ Kd8 13. Nxa8 Qxg2 14. Ke2
Nf4+ 15. Ke3 e5 16. Nb5 Nh3 17. Nxd6 Qxf2+ 18. Kd3 Qd4+ 19. Ke2 Bg4+ 20. Ke1
Qf2# 0-1

[Event "AUTO-INT-2977"]
[Site "http://www.queenalice.com/game.php?id=1350592"]
[Date "2015.3.29"]
[Round "1"]
[White "B07109"]
[Black "mickeymouse"]
[Result "1-0"]
[WhiteElo "2192"]
[BlackElo "1390"]

1. d4 Nf6 2. c4 e6 3. Nc3 b6 4. e4 Bb7 5. Bd3 Bb4 6. Qc2 O-O 7. Nf3 d5 8. cxd5
exd5 9. e5 Ne4 10. O-O g6 11. Nxe4 dxe4 12. Bxe4 Bxe4 13. Qxe4 Nd7 14. Rd1 Nc5
15. Qc2 Na6 16. Bh6 Re8 17. Qc4 c5 18. Qxa6 Qd7 19. a3 Ba5 20. dxc5 Qc6 21. b4
Qc8 22. Qxc8 Raxc8 23. bxa5 bxc5 24. Rd7 f5 25. Ng5 Rxe5 26. Rg7+ Kf8 27. Nxh7+
Ke8 28. Nf6+ Kf8 29. Rxa7# 1-0

[Event "AUTO-INT-2977"]
[Site "http://www.queenalice.com/game.php?id=1350593"]
[Date "2015.3.29"]
[Round "1"]
[White "mickeymouse"]
[Black "B07109"]
[Result "0-1"]
[WhiteElo "1394"]
[BlackElo "2091"]

1. e4 e6 2. Nf3 d5 3. e5 c5 4. d4 cxd4 5. Qxd4 Nc6 6. Bb5 Bd7 7. Bxc6 bxc6 8.
O-O Ne7 9. Bg5 h6 10. Bh4 g5 11. Bg3 Nf5 12. Qg4 Be7 13. c4 h5 14. Qxf5 exf5 15.
h3 f4 16. Bh2 Qb6 17. a3 g4 18. hxg4 hxg4 19. Nfd2 g3 20. Bxg3 fxg3 21. Nc3 Bc5
22. cxd5 gxf2+ 23. Rxf2 Bxf2+ 24. Kf1 Rh1+ 25. Ke2 Rxa1 26. Nc4 Qd4 27. b3 Bg4#
0-1

[Event "AUTO-INT-2977"]
[Site "http://www.queenalice.com/game.php?id=1350606"]
[Date "2015.3.29"]
[Round "1"]
[White "Narizinho"]
[Black "mickeymouse"]
[Result "0-1"]
[WhiteElo "1193"]
[BlackElo "1397"]

1. d4 Nf6 2. Nf3 d5 3. Nc3 e6 4. Bg5 h6 5. Bd2 c5 6. dxc5 Bxc5 7. e3 Nc6 8. Bb5
O-O 9. O-O Qe7 10. a3 d4 11. exd4 Nxd4 12. b3 e5 13. a4 e4 14. Nxd4 Bxd4 15. Rb1
e3 16. fxe3 Bxe3+ 17. Bxe3 Qxe3+ 18. Kh1 Qxc3 19. Be2 Qc6 20. Bf3 Qc7 21. c4 g6
22. b4 h5 23. a5 Bg4 24. h3 Bf5 25. Rc1 Qf4 26. Rb1 Bxb1 27. Qxb1 g5 28. c5 g4
29. hxg4 hxg4 30. Bxg4 Qh6+ 31. Kg1 Nxg4 32. b5 Qh2# 0-1

[Event "AUTO-INT-2977"]
[Site "http://www.queenalice.com/game.php?id=1350607"]
[Date "2015.3.29"]
[Round "1"]
[White "mickeymouse"]
[Black "Narizinho"]
[Result "1-0"]
[WhiteElo "1388"]
[BlackElo "1225"]

1. e4 e5 2. Nf3 Nf6 3. d3 Nc6 4. Nc3 Bb4 5. d4 exd4 6. Nxd4 O-O 7. Bg5 d6 8. g3
Bg4 9. Bxf6 Qxf6 10. Qxg4 a5 11. a3 Bc5 12. Nd5 Qxd4 13. Ne3 Qe5 14. c3 b5 15.
Nf5 Ne7 16. f4 Qf6 17. Bxb5 Rab8 18. Bd7 Nxf5 19. Bxf5 Bb6 20. h4 c6 21. h5 d5
22. e5 Qe7 23. h6 Rfd8 24. Qxg7# 1-0

[Event "AUTO-INT-2977"]
[Site "http://www.queenalice.com/game.php?id=1350614"]
[Date "2015.3.29"]
[Round "1"]
[White "Morgan369"]
[Black "mickeymouse"]
[Result "1-0"]
[WhiteElo "2112"]
[BlackElo "1398"]

1. d4 Nf6 2. c4 e6 3. Nf3 b6 4. Nc3 Bb7 5. g3 Bb4 6. Bg2 Ba6 7. Ne5 d5 8. Qa4+
Nfd7 9. Qxb4 c5 10. Qa4 cxd4 11. cxd5 dxc3 12. dxe6 fxe6 13. Bxa8 O-O 14. Nxd7
Qxd7 15. Qxd7 Nxd7 16. Bg2 c2 17. Bg5 Ne5 18. Rc1 Rc8 19. Be4 h6 20. Bf4 Nc4 21.
Rxc2 g5 22. Bd2 Nxd2 23. Rxc8+ Bxc8 24. Kxd2 a5 25. Rc1 Bd7 26. Rc7 Be8 27. Rc8
Kf7 28. Bc6 Bxc6 29. Rxc6 b5 30. Rb6 b4 31. Ra6 h5 32. Rxa5 Kf6 33. Rb5 h4 34.
Rxb4 hxg3 35. hxg3 g4 36. Rxg4 e5 37. a4 Kf5 38. a5 Kxg4 39. a6 Kh3 40. a7 Kg2
41. Ke3 Kf1 42. a8=Q Kg1 43. f4 exf4+ 44. gxf4 Kf1 45. Qf3+ Ke1 46. b4 1-0

[Event "AUTO-INT-2977"]
[Site "http://www.queenalice.com/game.php?id=1350615"]
[Date "2015.3.29"]
[Round "1"]
[White "mickeymouse"]
[Black "Morgan369"]
[Result "0-1"]
[WhiteElo "1398"]
[BlackElo "2107"]

1. e4 c6 2. Nf3 d5 3. e5 Bg4 4. d4 e6 5. h3 Bxf3 6. Qxf3 Nd7 7. Bd3 c5 8. Be3
Qb6 9. Bc1 cxd4 10. Bf4 Qxb2 11. c4 Bb4+ 12. Nd2 Qxa1+ 13. Bb1 Qxb1+ 14. Qd1
Bxd2+ 15. Bxd2 Qxd1+ 16. Kxd1 dxc4 17. Re1 Nc5 18. g4 Ne7 19. Bb4 Nd3 20. Re4
Nxf2+ 21. Kd2 Nxe4+ 22. Ke2 Nd5 23. Kf3 Nxb4 24. Kxe4 O-O-O 25. a4 d3 26. a5 d2
27. g5 d1=Q 28. Kf4 Rd4+ 29. Ke3 Nd5+ 30. Kf2 Qd2+ 31. Kf3 Rf4+ 32. Kg3 Qf2# 0-1

[Event "Challenge"]
[Site "http://www.queenalice.com/game.php?id=1351013"]
[Date "2015.3.31"]
[Round "-"]
[White "Taiur"]
[Black "mickeymouse"]
[Result "1-0"]
[WhiteElo "1646"]
[BlackElo "1398"]

1. d4 Nf6 2. Nf3 b6 3. g3 e6 4. Bg2 d5 5. O-O Nc6 6. Nc3 Ba6 7. Re1 Bd6 8. Bg5
h6 9. Bxf6 Qxf6 10. e4 Nxd4 11. Nxd4 Be5 12. Nf3 d4 13. Nb1 d3 14. Nxe5 Qxe5 15.
Nc3 Rd8 16. Re3 Qd4 17. Bf1 dxc2 18. Qxd4 Rxd4 19. Bxa6 Ke7 20. Bd3 Rxd3 21.
Rxd3 Rd8 22. Rxd8 Kxd8 23. Rc1 f5 24. Rxc2 c5 25. exf5 exf5 26. f4 Kc7 27. Re2
a5 28. Re7+ Kc6 29. Rxg7 c4 30. Ra7 Kc5 31. Rxa5+ bxa5 32. g4 a4 33. gxf5 Kb4
34. f6 a3 35. Nd1 axb2 36. Nxb2 c3 37. Nd3+ Kc4 38. Ne1 Kd4 39. f7 Ke3 40. f8=Q
Ke2 41. Ng2 c2 42. Qe7+ Kd2 43. Qe3+ Kd1 44. Qe1# 1-0

[Event "Challenge"]
[Site "http://www.queenalice.com/game.php?id=1351255"]
[Date "2015.4.2"]
[Round "-"]
[White "enzoferrari"]
[Black "mickeymouse"]
[Result "1-0"]
[WhiteElo "2039"]
[BlackElo "1396"]

1. e4 e5 2. Nf3 Nc6 3. Nc3 Nf6 4. Bb5 d5 5. d4 Nxe4 6. Nxe4 dxe4 7. Nxe5 Qd5 8.
c4 Bb4+ 9. Bd2 e3 10. cxd5 Bxd2+ 11. Ke2 O-O 12. fxe3 Nxe5 13. Qxd2 Bg4+ 14. Kf2
Ng6 15. h3 Bf5 16. Bd3 Bxd3 17. Qxd3 Rad8 18. Rac1 Rd7 19. Qb5 c6 20. dxc6 bxc6
21. Qxc6 Rfd8 22. Rc4 Ne7 23. Qf3 Re8 24. Rhc1 f5 25. b4 g6 26. a4 Rdd8 27. b5
Nd5 28. Rc8 Kg7 29. Rxd8 Rxd8 30. Rc5 Nf6 31. Rc7+ Nd7 32. Rxa7 h5 33. Qd5 h4
34. Rxd7+ Rxd7 35. Qxd7+ Kf6 36. b6 g5 37. b7 g4 38. hxg4 fxg4 39. Qxg4 h3 40.
gxh3 Ke7 41. d5 Kd6 42. Qe6+ Kc7 43. Qc6+ Kb8 44. d6 Ka7 45. a5 Kb8 46. Qc8+ Ka7
47. Qa8# 1-0

[Event "Challenge"]
[Site "http://www.queenalice.com/game.php?id=1357803"]
[Date "2015.5.6"]
[Round "-"]
[White "enzoferrari"]
[Black "mickeymouse"]
[Result "1-0"]
[WhiteElo "2041"]
[BlackElo "1392"]

1. e4 d6 2. Nc3 c5 3. Nf3 Nf6 4. Bb5+ Nc6 5. d3 a6 6. Bxc6+ bxc6 7. Bg5 e5 8.
O-O Be7 9. h3 d5 10. Nxe5 Qc7 11. Nf3 d4 12. Ne2 O-O 13. c3 dxc3 14. bxc3 Re8
15. c4 Be6 16. Nf4 Ng4 17. Nxe6 fxe6 18. Bxe7 Rxe7 19. hxg4 Rf8 20. Nh2 g5 21.
f3 Rf6 22. Qd2 Rg7 23. f4 gxf4 24. Rf3 Qe5 25. Raf1 Rgf7 26. a4 h6 27. Rh3 Qg5
28. Rh5 Qg7 29. Rxc5 Rg6 30. Rxf4 Qd4+ 31. Qf2 Qa1+ 32. Nf1 Rgf6 33. g3 e5 34.
Rxf6 Rxf6 35. Qxf6 Qd4+ 36. Qf2 Qxd3 37. Rxc6 Qxe4 38. Rc8+ Kg7 39. Qf8+ Kg6 40.
Qd6+ Kf7 41. Rf8+ Kg7 42. Qf6+ Kh7 43. Qf7# 1-0

[Event "Challenge"]
[Site "http://www.queenalice.com/game.php?id=1551054"]
[Date "2018.11.28"]
[Round "-"]
[White "marcito"]
[Black "mickeymouse"]
[Result "0-1"]
[WhiteElo "1323"]
[BlackElo "1422"]

1. e4 e5 2. d3 Nc6 3. c4 Nf6 4. b3 Bb4+ 5. Bd2 d6 6. a3 Bc5 7. Qc1 O-O 8. Nf3
Bg4 9. b4 Bb6 10. c5 dxc5 11. bxc5 Ba5 12. Qb2 Bxf3 13. gxf3 g6 14. Qxb7 Qd4 15.
Ra2 Qa4 16. Be2 Rab8 17. Qa6 Rxb1+ 0-1

[Event "Challenge"]
[Site "http://www.queenalice.com/game.php?id=1551055"]
[Date "2018.11.28"]
[Round "-"]
[White "roli68"]
[Black "mickeymouse"]
[Result "1-0"]
[WhiteElo "1789"]
[BlackElo "1424"]

1. e4 e5 2. Qf3 Nc6 3. Nh3 Nf6 4. g4 d5 5. Nc3 d4 6. Nd5 Be7 7. d3 O-O 8. Bd2
Bxg4 9. Qg3 Qd7 10. Be2 h5 11. Ng1 b6 12. h3 Be6 13. O-O-O Bxd5 14. b3 Be6 15.
f4 Bd6 16. f5 Na5 17. Bh6 Ne8 18. fxe6 fxe6 19. Bxh5 1-0